1866 y 1867 (Record no. 154983)

MARC details
000 -LEADER
campo de control de longitud fija 01118nam a22002295i 4500
001 - NÚMERO DE CONTROL
campo de control 154983
003 - IDENTIFICADOR DE NÚMERO DE CONTROL
campo de control ES-MaACL
005 - FECHA Y HORA DE LA ÚLTIMA TRANSACCIÓN
campo de control 20251115063310.0
008 - DATOS DE LONGITUD FIJA--INFORMACIÓN GENERAL
campo de control de longitud fija 991022s1866 sp |||| | spa d
100 1# - ENTRADA PRINCIPAL--NOMBRE DE PERSONA
Nombre de persona Gutiérrez de Alba, José María,
Fechas asociadas al nombre 1822-1897
9 (RLIN) 127661
245 10 - MENCIÓN DEL TÍTULO
Título 1866 y 1867
Resto del título : revista en dos cuadros y en verso /
Mención de responsabilidad, etc. original de José María Gutiérrez de Alba ; con música de los señores Oudrid y Arche.
260 ## - PUBLICACIÓN, DISTRIBUCIÓN, ETC.
Lugar de publicación, distribución, etc. Madrid :
Nombre del editor, distribuidor, etc. [s.n.],
Fecha de publicación, distribución, etc. 1866 (
Fabricante Imp. de Manuel Minuesa)
300 ## - DESCRIPCIÓN FÍSICA
Extensión 43 p. ;
Dimensiones 21 cm.
490 1# - MENCIÓN DE SERIE
Mención de serie El teatro: coleccion de obras dramáticas y líricas
500 ## - NOTA GENERAL
Nota general Representada por primera vez en el teatro del Circo en 24 de diciembre de 1866, con música de los señores Oudrid y Arche.
500 ## - NOTA GENERAL
Nota general Sólo el texto.
700 1# - ENTRADA AGREGADA--NOMBRE PERSONAL
Nombre de persona Oudrid, Cristóbal.
9 (RLIN) 87969
700 1# - ENTRADA AGREGADA--NOMBRE PERSONAL
Nombre de persona Arche, Luis Vicente.
9 (RLIN) 139696
830 13 - PUNTO DE ACCESO ADICIONAL DE SERIE-TÍTULO UNIFORME
Título uniforme El teatro: colección de obras dramática y líricas
9 (RLIN) 221753
852 ## - LOCALIZACIÓN
Ubicación ES-MaACL
Número de control de estantería F-8551(3)
Nota libre - Enc. pasta española
-- - Enc. en un vol. facticio, formando parte de la col. facticia "Teatro español moderno", v. 3
Holdings
Estatus retirado Estado de pérdida Estado de daño No para préstamo Colección Biblioteca de origen Biblioteca actual Ubicación en estantería Fecha de adquisición Total de préstamos Signatura topográfica completa Código de barras Visto por última vez Precio de reemplazo Tipo de ítem Koha
        Libros del s. XIX Biblioteca del Ateneo de Madrid Biblioteca del Ateneo de Madrid Sala Pecera Planta 2 17/01/2008   F-8551(3) 1162118 23/02/2023 23/02/2023 Libro impreso antiguo